| 000 | 00808nam a22002297a 4500 | ||
|---|---|---|---|
| 003 | OSt | ||
| 005 | 20151026134202.0 | ||
| 008 | 130402b xxu||||| |||| 00| 0 eng d | ||
| 020 | _a9788415472087 (Galaxia Gutenberg) | ||
| 040 | _cCDMR | ||
| 245 | 0 | 0 |
_aEscribir en Internet _b: guía para los nuevos medios y las redes sociales _cMario Tascón, dirección ; Marga Cabrera, coordinación |
| 260 |
_aBarcelona _bGalaxia Gutenberg |
||
| 260 |
_bCírculo de Lectores _c2012 |
||
| 500 | _aA la coberta: Fundación del Español Urgente | ||
| 650 | 0 | 4 |
_93138 _aInternet _xArt d'escriure |
| 654 |
_93137 _aWeb 2.0 |
||
| 654 |
_93504 _aComunicació escrita |
||
| 654 |
_93772 _aPeriodisme--Manuals d'estil |
||
| 700 | 1 |
_93058 _aTascón, Mario _edir. |
|
| 700 | 1 |
_93059 _aCabrera Méndez, Margarita |
|
| 942 |
_cMON _2udc |
||
| 999 |
_c6043 _d6043 |
||